Con tôi đang lớn

Na minha lista:
Detalhes bibliográficos
Autor principal: N Beredina
Formato: Livro
Idioma:Undetermined
Publicado em: Hà Nội Phụ nữ 1976
Assuntos:
Tags: Adicionar Tag
Sem tags, seja o primeiro a adicionar uma tag!
Thư viện lưu trữ: Trung tâm Học liệu Trường Đại học Cần Thơ
LEADER 00458nam a2200169Ia 4500
001 CTU_6069
008 210402s9999 xx 000 0 und d
082 |a 370.1 
082 |b B487 
100 |a N Beredina 
245 0 |a Con tôi đang lớn 
245 0 |c N Beredina, Nguễn Tuyết Minh 
260 |a Hà Nội 
260 |b Phụ nữ 
260 |c 1976 
650 |a child psychology 
980 |a Trung tâm Học liệu Trường Đại học Cần Thơ